Les trois étapes de la cosmologie

保存先:
書誌詳細
主要な著者: Merleau-Ponty, Jacques (autor), Morando, Bruno (著者)
フォーマット: 図書
言語:フランス語
出版事項: París Robert Laffont 1971
シリーズ:Collection Science Nouvelle
主題:
タグ: タグ追加
タグなし, このレコードへの初めてのタグを付けませんか!

MARC

LEADER 00000nam a2200000 a 4500
001 UCZ4608
003 CL-VaPUC
008 951110e19710000FR |||||||||||||||||fre|d
082 0 4 |a 113  |b MER  |2 21 
100 |a Merleau-Ponty, Jacques  |e autor  |9 348616 
700 0 |a Morando, Bruno  |e author  |9 348612 
245 1 4 |a Les trois étapes de la cosmologie 
300 |a 316 p 
942 |c BK 
945 |d 19951110 00:00:00  |a cmena 
260 |a París  |b Robert Laffont  |c 1971 
650 0 |a Cosmología  |9 269138 
650 0 |a Filosofía de la naturaleza  |9 265899 
650 0 |a Historia  |9 255047 
650 0 |a Filosofía de las ciencias  |9 256466 
650 0 |a Geometría   |9 264063 
650 0 |a Astronomía  |9 260985 
650 0 |a Física   |9 227844 
583 |a last modification  |c 19951110 00:00:00  |k Rodrigo Vera 
490 0 |a Collection Science Nouvelle 
999 |c 240978  |d 240976 
952 |0 0  |1 0  |4 0  |6 113_000000000000000_MER_1971  |7 0  |8 P  |9 253114  |a BIBEDU  |b BIBEDU  |c BIBEDU_PB  |d 2019-11-19  |i 159642K  |o 113 MER 1971  |p 159642K  |r 2024-01-25  |w 2019-11-19  |y BK  |k FIL